[Event "ICA Players Mem-Open"]
[Site "Boise, ID"]
[Date "2011.05.14"]
[Round "1.7"]
[White "Abernathy, Caleb Patrick"]
[Black "Pentico, Christopher"]
[Result "0-1"]
[WhiteElo "1736"]
[BlackElo "1434"]

1. d4 Nf6 2. Nf3 g6 3. e3 Bg7 4. Bd3 O-O 5. Nbd2 b6 6. b3 Bb7 7. Bb2 e6 8. c4
d6 9. Qc2 Nbd7 10. O-O c5 11. Rac1 d5 12. Ne5 cxd4 13. exd4 dxc4 14. Ndxc4 Rc8
15. Qe2 Nxe5 16. dxe5 Nd5 17. Ba3 Nf4 18. Qg4 Nxd3 19. Rcd1 h5 20. Qg3 h4 21.
Qe3 Qd5 22. f3 Rfd8 23. Bd6 Rxd6 24. Nxd6 Rc3 25. Nc4 Ba6 26. Nb2 Bxe5 27. Qh6
Bd4+ 28. Kh1 Nxb2 {#R} 0-1

[Event "ICA Players Mem-Open"]
[Site "Boise, ID"]
[Date "2011.05.14"]
[Round "2.6"]
[White "Edvalson, Paul F"]
[Black "Abernathy, Caleb Patrick"]
[Result "1-0"]
[WhiteElo "1447"]
[BlackElo "1736"]

1. c4 e5 2. Nc3 d6 3. g3 c6 4. Bg2 Be6 5. d3 Nf6 6. Nf3 Nbd7 7. b3 d5 8. cxd5
cxd5 9. Ng5 Bb4 10. Bd2 Qa5 11. Nxe6 fxe6 12. Nb1 Rc8 13. O-O O-O 14. Bxb4
Qxb4 15. Nd2 Rc3 16. Rc1 Rfc8 17. Rxc3 Rxc3 18. Nf3 e4 19. dxe4 Nxe4 20. Nd4
e5 21. f3 Nxg3 22. hxg3 exd4 23. Kh2 Ne5 24. Qd2 Qc5 25. Rd1 Rc2 26. Qxd4 Qxd4
27. Rxd4 Rxe2 28. Rxd5 Nxf3+ 29. Kh3 Ne5 30. Rd8+ Kf7 31. Bxb7 Rxa2 32. b4 Rb2
33. Rd4 a5 34. Bd5+ Kf6 35. Rf4+ Kg5 36. bxa5 h5 37. Ra4 Ng4 38. Ra2 Rb8 39.
a6 Nf6 40. a7 {#r} 1-0

[Event "ICA Players Mem-Open"]
[Site "Boise, ID"]
[Date "2011.05.14"]
[Round "3.8"]
[White "Abernathy, Caleb Patrick"]
[Black "Peterson, Rory Beckett"]
[Result "1-0"]
[WhiteElo "1736"]
[BlackElo "1304"]

1. e4 e5 2. Nf3 Nc6 3. Bc4 h6 4. d4 exd4 5. Nxd4 Nxd4 6. Qxd4 Qf6 7. e5 Qc6 8.
O-O Qc5 9. Qf4 Qe7 10. b3 b6 11. Ba3 d6 12. exd6 cxd6 13. Nc3 Bb7 14. Rfe1
Qxe1+ 15. Rxe1+ Kd7 16. Qxf7+ {#r} 1-0

[Event "ICA Players Mem-Open"]
[Site "Boise, ID"]
[Date "2011.05.15"]
[Round "4.6"]
[White "Stark, Jim"]
[Black "Abernathy, Caleb Patrick"]
[Result "1-0"]
[WhiteElo "1651"]
[BlackElo "1736"]

1. d4 Nf6 2. c4 e6 3. Nf3 c6 4. Nc3 Bb4 5. Bd2 b6 6. e3 Ba6 7. a3 Bxc3 8. Bxc3
Ne4 9. Qc2 Nxc3 10. Qxc3 d6 11. b4 Qd7 12. Bd3 O-O 13. O-O Rc8 14. Ng5 h6 15.
Nf3 Bb7 16. c5 dxc5 17. dxc5 bxc5 18. bxc5 Qe7 19. Rac1 Nd7 20. Qb4 Nf6 21. e4
Rd8 22. Rfd1 Rd7 23. Ne5 Rc7 24. Qa5 Rd8 25. f3 Nh5 26. Bf1 f6 27. Ng6 {#r}
1-0

[Event "ICA Players Mem-Open"]
[Site "Boise, ID"]
[Date "2011.05.15"]
[Round "5.8"]
[White "Longhurst, Corey Kenneth"]
[Black "Abernathy, Caleb Patrick"]
[Result "0-1"]
[WhiteElo "1242"]
[BlackElo "1736"]

1. d4 Nf6 2. c4 e6 3. Nf3 b6 4. g3 Ba6 5. Qb3 Nc6 6. Qa4 Bb7 7. Qd1 Na5 8. Qa4
Bc6 9. Qc2 Be4 10. Qc3 Nc6 11. a3 d5 12. Nbd2 Na5 13. c5 Be7 14. Nxe4 Nxe4 15.
Qc2 O-O 16. Bg2 bxc5 17. dxc5 Bxc5 18. O-O Rb8 19. e3 Bd6 20. Nd4 Nf6 21. b4
Nc4 22. Nc6 Qd7 23. Nxb8 Rxb8 24. f4 c5 25. e4 cxb4 26. e5 Bc5+ 27. Kh1 Ng4
28. Qe2 Nh6 29. axb4 Rxb4 30. Ba3 Nxa3 31. Rxa3 Rxf4 32. gxf4 Bxa3 33. Qd3 Bc5
34. Rb1 Bb6 35. Rc1 Ng4 36. Qa6 Nf2+ 37. Kg1 Nd3+ 38. Kf1 Nxc1 39. Bf3 g6 40.
Qa3 Qb5+ 41. Kg2 Nd3 42. Be2 Nxf4+ {#R} 0-1

[Event "ICA Players Mem-Res."]
[Site "Boise, ID"]
[Date "2011.05.15"]
[Round "4.2"]
[White "Finch, Douglas W"]
[Black "Abernathy, Michaela R"]
[Result "1-0"]
[WhiteElo "1371"]
[BlackElo "1087"]

1. d4 d5 2. Nf3 Nc6 3. e3 Bg4 4. h3 Bh5 5. g4 Bg6 6. Nh4 e5 7. Nxg6 hxg6 8.
Bb5 e4 9. Nc3 Qd6 10. Bd2 O-O-O 11. Qe2 f5 12. O-O-O a6 13. Bxa6 bxa6 14.
Qxa6+ Kd7 15. Nb5 Nb8 16. Nxd6 Nxa6 17. Nf7 Rh7 18. Nxd8 Kxd8 19. g5 Bd6 20.
h4 Ne7 21. Kb1 Rh8 22. b3 Kd7 23. Kb2 Nb4 24. a3 Nbc6 25. b4 Rb8 26. h5 gxh5
27. Rxh5 g6 28. Rh7 Na7 29. Rdh1 c5 30. dxc5 Bxc5 31. Rg7 Bd6 32. Rhh7 Be5+
33. Bc3 Bxg7 34. Rxg7 Nac6 35. Kb3 Na5+ 36. Ka4 Nc4 37. Bf6 Ra8+ 38. Kb5 Nxa3+
39. Kc5 Rc8+ 40. Kb6 Rc6+ 41. Kb7 Rc7+ 42. Kb8 Kc6 43. Bxe7 Nb5 44. Rxg6+ Kd7
45. Bc5 Rc8+ 46. Kb7 Re8 47. Rf6 Rg8 48. Rxf5 Nd6+ 49. Bxd6 Kxd6 50. Rf6+ Ke5
51. b5 Rxg5 52. Rf8 Kd6 53. b6 Rg7+ 54. Ka6 Kc6 55. Rf6+ {#r} 1-0

[Event "ICA Players Mem-Res."]
[Site "Boise, ID"]
[Date "2011.05.15"]
[Round "5.1"]
[White "Abernathy, Michaela R"]
[Black "Featherston, Scott"]
[Result "1-0"]
[WhiteElo "1087"]
[BlackElo "868"]

1. e4 e5 2. Nf3 Qf6 3. d4 exd4 4. Bg5 Qb6 5. Bd3 h6 6. e5 Bb4+ 7. Bd2 Bxd2+ 8.
Nbxd2 Qxb2 9. Nb3 Nc6 10. Qc1 Qc3+ 11. Qd2 Qxd2+ 12. Kxd2 d5 13. exd6 cxd6 14.
Bb5 Nge7 15. Rhe1 Be6 16. Nfxd4 Kd7 17. Na5 Rac8 18. f4 g6 19. Nxb7 Rb8 20.
Na5 Rxb5 21. Naxc6 Nxc6 22. Nxb5 Rb8 23. Nc3 Bf5 24. Rab1 Rxb1 25. Rxb1 Kc7
26. Nb5+ Kc8 27. Nxd6+ Kd7 28. Nxf5 gxf5 29. Rb7+ Ke6 30. Kc3 f6 31. Rh7 Ne7
32. Rxe7+ Kxe7 33. Kd4 Ke6 34. Kc5 a5 35. c4 a4 36. Kb6 Kd7 37. c5 Kc8 38. Kc6
a3 39. h4 h5 40. g3 Kb8 41. Kd7 Kb7 42. c6+ Kb6 43. c7 Kc5 44. c8=Q+ Kd4 45.
Ke6 Ke4 46. Qc4+ Kf3 47. Qc3+ Kg4 48. Kxf6 Kh3 49. Kxf5 Kh2 50. g4 hxg4 51.
Kxg4 Kh1 52. Kg3 Kg1 53. Qe1# 1-0

[Event "WIO (Open)"]
[Site "Boise, ID"]
[Date "2011.12.10"]
[Round "1.8"]
[White "Jiang, Nathan"]
[Black "Abernathy, Caleb P"]
[Result "1-0"]
[WhiteElo "1022"]
[BlackElo "1686"]

1. e4 d5 2. exd5 Nf6 3. Nf3 Bg4 4. Be2 Nxd5 5. O-O Nc6 6. d4 e6 7. Be3 Qd7 8.
c4 Nb6 9. c5 Nd5 10. Nc3 O-O-O 11. a3 f6 12. Nxd5 Qxd5 13. b4 e5 14. dxe5 Bxf3
15. Bxf3 Qxe5 16. Qb3 Nd4 17. Bxd4 Qxd4 18. Rfd1 Qe5 19. Re1 Qf5 20. h3 h5 21.
g4 Qg5 22. Qe6+ Kb8 23. Rad1 Bxc5 24. bxc5 Rxd1 25. Bxd1 Rc8 26. c6 hxg4 27.
Bxg4 Rd8 28. cxb7 Kxb7 29. Rb1+ Ka8 30. Qc6# 1-0

[Event "WIO (Open)"]
[Site "Boise, ID"]
[Date "2011.12.10"]
[Round "2.7"]
[White "Abernathy, Caleb P"]
[Black "Longhurst, Corey K"]
[Result "1-0"]
[WhiteElo "1686"]
[BlackElo "1512"]

1. e4 c5 2. Nf3 d6 3. g3 Nc6 4. Bg2 Nf6 5. d3 g6 6. O-O Bg7 7. c3 O-O 8. Bg5
h6 9. Bxf6 Bxf6 10. Nbd2 Be6 11. Nb3 c4 12. Nbd4 Nxd4 13. Nxd4 Bxd4 14. cxd4
cxd3 15. Qxd3 d5 16. f4 dxe4 17. Qxe4 Bf5 18. Qe3 Rb8 19. Rfe1 Re8 20. h3 Qd6
21. g4 Bd7 22. Rac1 Qe6 23. Qxe6 Bxe6 24. Rc7 Kf8 25. d5 Bc8 26. Kf2 a6 27.
Ke3 e6 28. Kd4 exd5 29. Rxe8+ Kxe8 30. Bxd5 Be6 31. Bxe6 fxe6 32. Rh7 Rd8+ 33.
Ke5 Rd7 34. Rxh6 Rg7 35. Kxe6 Kd8 36. Kf6 {#r} 1-0

[Event "WIO (Open)"]
[Site "Boise, ID"]
[Date "2011.12.10"]
[Round "3.4"]
[White "Pemsler, Carmen"]
[Black "Abernathy, Caleb P"]
[Result "0-1"]
[WhiteElo "1320"]
[BlackElo "1686"]

1. c4 Nf6 2. Nc3 e6 3. Nf3 b6 4. g3 Bb7 5. Bg2 Bb4 6. O-O Bxc3 7. bxc3 O-O 8.
d4 Ne4 9. Qd3 d5 10. cxd5 exd5 11. Bf4 Ba6 12. Qc2 Re8 13. Rfe1 Nd7 14. Ne5
Nxe5 15. Bxe5 Bb7 16. f3 Nd6 17. e4 dxe4 18. fxe4 Nc4 19. Bf4 Qd7 20. Qe2 Nd6
21. Qd3 a5 22. Qc2 h6 23. e5 Bxg2 24. exd6 g5 25. Bxg5 hxg5 26. Qxg2 Qxd6 27.
Qd2 Qg6 28. Re2 Rxe2 29. Qxe2 Qc6 30. Qd2 f6 31. Qd3 Kg7 32. d5 Qc5+ 33. Kh1
Re8 34. Qd2 Qe3 35. Qxe3 Rxe3 36. c4 Rc3 37. Rd1 Rxc4 38. Rd2 Kg6 39. Kg2 Kf5
40. a3 Rc3 41. d6 cxd6 42. Rxd6 Rxa3 43. Rxb6 Ra2+ 44. Kf1 Rxh2 45. Rb5+ Kg4
46. Rxa5 Kxg3 47. Ra3+ Kg4 48. Ra4+ Kh5 49. Ra8 Kg6 50. Kg1 Rb2 51. Rg8+ Kf5
52. Rc8 g4 53. Rc5+ Kf4 54. Rc4+ Kg5 55. Rc5+ f5 56. Rc1 g3 57. Rd1 f4 58.
Rd5+ Kg4 59. Rd1 f3 60. Rd4+ Kh3 {#R} 0-1

[Event "WIO (Open)"]
[Site "Boise, ID"]
[Date "2011.12.11"]
[Round "4.2"]
[White "Abernathy, Caleb P"]
[Black "Kircher, Caleb Paul"]
[Result "0-1"]
[WhiteElo "1686"]
[BlackElo "1781"]

1. Nf3 Nf6 2. g3 c5 3. Bg2 d5 4. d3 Nc6 5. O-O Bg4 6. Nbd2 e6 7. Re1 Be7 8. e4
Qc7 9. Qe2 Nd4 10. Qd1 O-O-O 11. c3 Nxf3+ 12. Bxf3 Bxf3 13. Qxf3 dxe4 14. Nxe4
Qc6 15. Kg2 Qd5 16. Be3 Qxd3 17. Bxc5 Qxf3+ 18. Kxf3 Bxc5 19. Nxc5 Rd2 20. b3
Rhd8 21. Re2 b6 22. Na4 R2d5 23. Nb2 Kb7 24. Nc4 Rd3+ 25. Re3 R8d5 26. Ke2
Rxe3+ 27. Nxe3 Rd7 28. Rd1 Rxd1 29. Nxd1 Kc6 30. f3 Nd5 31. Kd3 a5 32. Ne3
Nxe3 33. Kxe3 b5 34. Kd4 Kd6 35. f4 f6 36. b4 axb4 37. cxb4 e5+ 38. Ke4 exf4
39. gxf4 g6 40. h4 h6 41. a3 g5 42. h5 g4 {#R} 0-1

[Event "WIO (Open)"]
[Site "Boise, ID"]
[Date "2011.12.11"]
[Round "5.5"]
[White "Douglas, Kurt P"]
[Black "Abernathy, Caleb P"]
[Result "1/2-1/2"]
[WhiteElo "1763"]
[BlackElo "1686"]

1. e4 d5 2. exd5 Nf6 3. d4 Nxd5 4. Nf3 Bg4 5. c4 Nb6 6. Be3 e6 7. Be2 Bb4+ 8.
Nc3 Nc6 9. O-O O-O 10. Qb3 Qe7 11. Ne4 Bxf3 12. Bxf3 Na5 13. Qc2 Naxc4 14. Bf4
Bd6 15. Be3 Nxe3 16. fxe3 Nd5 17. Rfe1 f5 18. Nc3 Nxc3 19. bxc3 c6 20. e4 Qd7
21. e5 Be7 22. Rab1 Rab8 23. Qa4 b5 24. Qc2 b4 25. Red1 bxc3 26. Qxc3 Rxb1 27.
Rxb1 Rd8 28. Rd1 Bg5 29. Kf2 Qc7 30. Qxc6 {#d} 1/2-1/2

[Event "Winter Warmup Invitational"]
[Site "Meridian, ID"]
[Date "2012.01.21"]
[Round "1.2"]
[White "Abernathy, Caleb Patrick"]
[Black "Patterson, Emily N"]
[Result "1-0"]
[WhiteElo "1686"]
[BlackElo "1451"]

1. Nf3 d5 2. g3 c5 3. Bg2 Nc6 4. O-O e5 5. d3 Bg4 6. Nbd2 f5 7. e4 Nf6 8. Re1
Bd6 9. h3 Bh5 10. exf5 Qb6 11. g4 Bf7 12. Ng5 h6 13. Nxf7 Kxf7 14. Nf1 d4 15.
Ng3 Rhe8 16. Ne4 Rad8 17. Nxf6 Kxf6 18. g5+ hxg5 19. Qh5 Ke7 20. Bxg5+ Kd7 21.
Bxc6+ Kxc6 22. Bxd8 Rxd8 23. Qf7 Qxb2 24. Rab1 Qxb1 25. Rxb1 Rd7 26. Qe8 b6
27. Re1 b5 28. Rxe5 Bxe5 29. Qxe5 a5 30. Qe6+ Rd6 31. Qe4+ Rd5 32. f4 c4 33.
f6 gxf6 34. h4 Kc5 35. Qe7+ Rd6 36. h5 cxd3 37. cxd3 b4 38. h6 a4 39. h7 b3
40. h8=Q bxa2 41. Qc8+ Kb4 42. Qxd6+ Kb3 43. Qb6+ Ka3 44. Qcc5# 1-0

[Event "Winter Warmup Invitational"]
[Site "Meridian, ID"]
[Date "2012.01.21"]
[Round "1.5"]
[White "Abernathy, Michaela R"]
[Black "McGarvey, James H"]
[Result "0-1"]
[WhiteElo "1084"]
[BlackElo "1600"]

1. e4 c5 2. Nf3 Nc6 3. Bb5 a6 4. Bxc6 bxc6 5. Nc3 d5 6. exd5 cxd5 7. d4 e6 8.
Be3 cxd4 9. Bxd4 Nf6 10. O-O Be7 11. Ne5 Bb7 12. Na4 Qc7 13. c3 O-O 14. Qb3
Bc6 15. Nxc6 Qxc6 16. Qb6 Rfc8 17. Qxc6 Rxc6 18. b4 Nd7 19. Rab1 Rac8 20. Rfc1
Rc4 21. Nb2 R4c7 22. f4 Bxb4 23. Nd1 Bc5 24. Bxc5 Nxc5 25. Nf2 Na4 26. Nd1 g6
27. Rb3 d4 28. Rb4 Rc4 29. a3 Rxb4 30. axb4 Nxc3 31. Kf1 Rc4 32. g3 Rxb4 33.
Nxc3 dxc3 34. Rxc3 Rb1+ 35. Kg2 Rb2+ 36. Kg1 Ra2 37. h4 h5 38. Kf1 a5 39. Ke1
Kg7 40. Kd1 Kf6 41. Rc5 a4 42. Ra5 Rg2 43. Rg5 a3 44. Kc1 Kg7 45. Kb1 f6 46.
Rc5 Rxg3 47. Rc7+ Kh6 48. Re7 Re3 49. Ka1 g5 50. hxg5+ fxg5 51. Rf7 g4 52.
Rf6+ Kg7 {#R} 0-1

[Event "Winter Warmup Invitational"]
[Site "Meridian, ID"]
[Date "2012.01.21"]
[Round "2.1"]
[White "Edvalson, Paul"]
[Black "Abernathy, Caleb Patrick"]
[Result "0-1"]
[WhiteElo "1551"]
[BlackElo "1686"]

1. e4 d5 2. exd5 Nf6 3. Bb5+ Bd7 4. Bxd7+ Qxd7 5. c4 c6 6. dxc6 Nxc6 7. Nf3
Qd3 8. Qe2 Qxe2+ 9. Kxe2 O-O-O 10. Nc3 e6 11. h3 Bb4 12. Nd1 Rd7 13. a3 Bc5
14. Re1 Rhd8 15. b4 Nd4+ 16. Nxd4 Bxd4 17. Rb1 Ne4 18. Bb2 Nxd2 19. Bxd4 Nxb1
20. Bxa7 Rd2+ 21. Kf1 Rxd1 22. Bb6 Rxe1+ 23. Kxe1 Nxa3 24. Bxd8 Kxd8 25. c5
Kc7 26. Kd2 Kc6 27. Kc3 Kb5 28. Kb3 Nb1 29. Kc2 Kxb4 30. c6 bxc6 31. Kxb1 Kc3
32. Kc1 c5 33. g4 c4 34. f4 f6 35. h4 e5 {#R} 0-1

[Event "Winter Warmup Invitational"]
[Site "Meridian, ID"]
[Date "2012.01.21"]
[Round "2.7"]
[White "Patterson, Emily N"]
[Black "Abernathy, Michaela R"]
[Result "1-0"]
[WhiteElo "1451"]
[BlackElo "1084"]

1. e4 e5 2. Bc4 Nc6 3. Nc3 d6 4. d3 Nd4 5. f4 Be7 6. Nf3 Bg4 7. fxe5 dxe5 8.
O-O Bc5 9. Bxf7+ Kxf7 10. Nxe5+ Ke8 11. Qxg4 Nc6+ 12. Kh1 Nf6 13. Qxg7 Nxe5
14. Qxh8+ Kd7 15. Qxd8+ Rxd8 16. Rxf6 Ng4 17. Rf7+ Kc8 18. Na4 Bd4 19. h3 Ne5
20. Rxh7 b5 21. Nc3 a6 22. Bf4 Rf8 23. Bxe5 Bxe5 24. Rh5 Bd4 25. Rf5 Rg8 26.
Raf1 Kb7 27. g4 Rh8 28. Kg2 Bb6 29. Nd5 Bc5 30. g5 c6 31. Nf6 Bd4 32. c3 Bb6
33. g6 Bd8 34. g7 Bxf6 35. Rxf6 Rg8 36. Rg6 Kc8 37. Rf8+ Rxf8 38. gxf8=Q+ {#r}
1-0

[Event "Winter Warmup Invitational"]
[Site "Meridian, ID"]
[Date "2012.01.21"]
[Round "3.1"]
[White "Abernathy, Caleb Patrick"]
[Black "Longhurst, Corey Kenneth"]
[Result "1-0"]
[WhiteElo "1686"]
[BlackElo "1512"]

1. Nf3 Nf6 2. g3 g6 3. Bg2 Bg7 4. d3 d6 5. e4 Nc6 6. O-O O-O 7. Re1 e5 8. Bg5
h6 9. Bxf6 Qxf6 10. Nbd2 Be6 11. Nf1 Rad8 12. Ne3 Rfe8 13. Nd5 Bxd5 14. exd5
Ne7 15. c4 c6 16. dxc6 Nxc6 17. Qb3 Rd7 18. d4 Rde7 19. d5 e4 20. dxc6 exf3
21. Rxe7 Qxe7 22. cxb7 Qd8 23. Bxf3 Qb6 24. Qxb6 axb6 25. Rd1 Be5 26. Bc6 Rb8
27. Re1 Kg7 28. f4 Bxb2 29. Re8 Rxb7 30. Bxb7 Bd4+ 31. Kg2 h5 32. Bd5 Bf6 33.
Rb8 {#r} 1-0

[Event "Winter Warmup Invitational"]
[Site "Meridian, ID"]
[Date "2012.01.21"]
[Round "3.7"]
[White "Abernathy, Michaela R"]
[Black "Roland, Jeffrey T"]
[Result "0-1"]
[WhiteElo "1084"]
[BlackElo "1725"]

1. e4 e5 2. Nf3 Nc6 3. Bb5 a6 4. Bxc6 dxc6 5. Nc3 Bd6 6. O-O Ne7 7. d4 exd4 8.
Qxd4 O-O 9. e5 Nf5 10. Qc4 Be6 11. Qd3 Be7 12. Bf4 Qxd3 13. cxd3 Rad8 14. Rfd1
Rd7 15. Rd2 Rfd8 16. Rad1 Bc5 17. Bg5 Re8 18. d4 Ba7 19. d5 cxd5 20. Nxd5 h6
21. Bh4 Nxh4 22. Nxh4 Kf8 23. Nc3 Rde7 24. Re1 c6 25. Nf3 Bg4 26. Rde2 Bxf3
27. gxf3 Bd4 28. f4 Bxc3 29. bxc3 g6 30. Rd1 f6 31. Rd6 Re6 32. Rxe6 Rxe6 33.
Kg2 fxe5 34. Rxe5 Rxe5 35. fxe5 Ke7 36. Kf3 Ke6 37. Ke4 b5 38. h4 g5 39. hxg5
hxg5 40. f4 gxf4 41. Kxf4 c5 42. Ke4 a5 43. a3 a4 44. Kf4 b4 45. cxb4 cxb4 46.
axb4 a3 47. b5 a2 48. b6 a1=Q 49. b7 Qxe5+ 50. Kg4 Qc7 {#R} 0-1

[Event "Winter Warmup Invitational"]
[Site "Meridian, ID"]
[Date "2012.01.21"]
[Round "4.6"]
[White "Patterson, Katie Rae"]
[Black "Abernathy, Michaela R"]
[Result "0-1"]
[WhiteElo "906"]
[BlackElo "1084"]

1. c4 e5 2. Nc3 Nf6 3. Nf3 Bb4 4. a3 Bxc3 5. bxc3 Nc6 6. g3 d5 7. cxd5 Qxd5 8.
Bg2 Qd6 9. O-O h6 10. d3 Bg4 11. h3 Bh5 12. Qb3 O-O-O 13. Qa4 Qd7 14. Bb2 Bxf3
15. Bxf3 Qxh3 16. Bxc6 bxc6 17. Qxc6 Rd6 18. Qa8+ Kd7 19. Qxh8 Ng4 20. f3 Qh2#
0-1

[Event "Idaho Closed"]
[Site "Boise, ID"]
[Date "2012.02.18"]
[Round "1.7"]
[White "Abernathy, Caleb P"]
[Black "Puderbaugh, Kory"]
[Result "0-1"]
[WhiteElo "1670"]
[BlackElo "785"]

1. Nf3 Nf6 2. d3 d5 3. Nbd2 c5 4. g3 e6 5. Bg2 Be7 6. O-O O-O 7. e4 Nbd7 8. e5
Ne8 9. Re1 f6 10. Qe2 fxe5 11. Nxe5 Bf6 12. Ndf3 Qc7 13. h4 Nd6 14. Bg5 Nf5
15. Bf4 Qd8 16. c3 a5 17. Bh3 Ra6 18. g4 Nxh4 19. g5 Bxe5 20. Nxe5 Rxf4 21.
Nf7 Rxf7 22. Bxe6 Qxg5+ {#R} 0-1

[Event "Idaho Closed"]
[Site "Boise, ID"]
[Date "2012.02.19"]
[Round "3.8"]
[White "Abernathy, Caleb P"]
[Black "Olsoy, Peter John"]
[Result "1/2-1/2"]
[WhiteElo "1670"]
[BlackElo "1313"]

1. d4 Nf6 2. Nf3 d5 3. e3 Bg4 4. Bd3 Nbd7 5. Nbd2 e5 6. dxe5 Nxe5 7. Be2 Nxf3+
8. Bxf3 Bf5 9. O-O Bd6 10. Nb3 c6 11. Nd4 Be4 12. Bxe4 dxe4 13. Nf5 Bf8 14.
Qd4 Qxd4 15. exd4 O-O-O 16. Bg5 Rd5 17. Bxf6 gxf6 18. Ng3 f5 19. Rad1 Bg7 20.
c3 Rhd8 21. Nh5 Bh8 22. Nf4 R5d6 23. f3 e3 24. Rfe1 c5 25. Rxe3 cxd4 26. Red3
Be5 27. Ne2 dxc3 28. Rxd6 Rxd6 29. Rxd6 Bxd6 30. Nxc3 Be5 31. Nd1 Kd7 32. g3
h5 33. Kg2 b5 34. f4 Bd4 35. Kh3 Bf6 36. b3 a5 37. Kg2 a4 38. Kf3 Bd4 39. Ne3
Ke6 40. Ke2 axb3 41. axb3 Bxe3 42. Kxe3 Kd5 43. Kd3 b4 {#d} 1/2-1/2

[Event "Idaho Closed"]
[Site "Boise, ID"]
[Date "2012.02.19"]
[Round "4.7"]
[White "Patterson, Kevin R"]
[Black "Abernathy, Caleb P"]
[Result "1/2-1/2"]
[WhiteElo "1172"]
[BlackElo "1670"]

1. e4 d5 2. exd5 Nf6 3. Nf3 Bg4 4. d4 Nxd5 5. Bc4 e6 6. O-O Nc6 7. Be2 Be7 8.
Bd2 Bxf3 9. Bxf3 Nxd4 10. Bxd5 Qxd5 11. Be3 Nf5 12. Qxd5 exd5 13. Bf4 O-O 14.
Nd2 c5 15. Rfe1 h5 16. Re5 g6 17. Rxd5 Rfd8 18. Rxd8+ Rxd8 19. Rd1 Bf6 20. c3
g5 21. Bg3 h4 22. Bc7 Rc8 23. Ne4 Bxc3 24. bxc3 Rxc7 25. Rd5 Ng7 26. Nxg5 Ne6
{#d} 1/2-1/2

[Event "Idaho Closed"]
[Site "Boise, ID"]
[Date "2012.02.20"]
[Round "5.8"]
[White "Abernathy, Caleb P"]
[Black "Pemsler, Carmen"]
[Result "1-0"]
[WhiteElo "1670"]
[BlackElo "1320"]

1. Nf3 f5 2. d3 Nf6 3. Nbd2 d5 4. Ne5 Nbd7 5. Ndf3 e6 6. b3 Bd6 7. Bb2 Qe7 8.
Qd2 Bb4 9. Bc3 Nxe5 10. Bxb4 Nxf3+ 11. exf3 Qf7 12. Be2 e5 13. Qe3 e4 14. dxe4
fxe4 15. fxe4 dxe4 16. Bc4 Be6 17. Bxe6 Qxe6 18. O-O-O Nd5 19. Qc5 Nxb4 20.
Qxb4 Qe5 21. Rd4 Qf4+ 22. Kb1 Qxf2 23. Rxe4+ Kd8 24. Qxb7 Qxg2 25. Rd1+ {#r}
1-0

[Event "Idaho Closed"]
[Site "Boise, ID"]
[Date "2012.02.20"]
[Round "6.4"]
[White "Jiang, Nathan"]
[Black "Abernathy, Caleb P"]
[Result "0-1"]
[WhiteElo "1022"]
[BlackElo "1670"]

1. e4 d5 2. exd5 Nf6 3. Nf3 Bg4 4. h3 Bh5 5. d4 Nxd5 6. Be2 Nc6 7. O-O e6 8.
b3 Be7 9. c4 Nb6 10. Bb2 Bf6 11. c5 Nd5 12. Bb5 O-O 13. Bxc6 bxc6 14. g4 Bg6
15. Nbd2 Nf4 16. Kh2 h5 17. Kg3 Nd3 18. Bc3 Bg5 19. Qe2 Bf4+ 20. Kg2 hxg4 21.
hxg4 Qd5 22. Rh1 e5 23. Rh3 Bh6 24. Rah1 Nf4+ {#R} 0-1

[Event "ID Scholastic Girls Ch"]
[Site "Boise, ID"]
[Date "2012.02.25"]
[Round "1.1"]
[White "Patterson, Emily N"]
[Black "Abernathy, Michaela"]
[Result "0-1"]
[WhiteElo "1416"]
[BlackElo "1094"]

1. e4 d5 2. exd5 Nf6 3. Bc4 Nxd5 4. Nf3 Bg4 5. h3 Bh5 6. g4 Bg6 7. Ne5 Nb6 8.
Bxf7+ Bxf7 9. Nxf7 Qd5 10. O-O Qxf7 11. d4 Nc6 12. f4 O-O-O 13. Be3 Qd5 14.
Nc3 Qc4 15. Qd2 Nxd4 16. Bxd4 Rxd4 17. Qe3 Nd5 18. Nxd5 Qxd5 19. Rfe1 e6 20.
Qe5 Qxe5 21. Rxe5 Rxf4 22. Rxe6 Bc5+ 23. Kh1 Rhf8 24. Ree1 Rf2 25. Rac1 R8f3
26. b3 Rxh3+ 27. Kg1 Rxc2+ 28. Kf1 Rh1# 0-1

[Event "ID Scholastic Girls Ch"]
[Site "Boise, ID"]
[Date "2012.02.25"]
[Round "2.1"]
[White "Abernathy, Michaela"]
[Black "Pemsler, Carmen"]
[Result "1-0"]
[WhiteElo "1094"]
[BlackElo "1367"]

1. d3 d5 2. Nf3 Nc6 3. Nbd2 e5 4. g3 Nf6 5. Bg2 Bd6 6. O-O O-O 7. c3 Bf5 8.
Re1 e4 9. dxe4 Nxe4 10. Nxe4 Bxe4 11. Ng5 Bxg2 12. Kxg2 Be7 13. Nf3 Re8 14.
Bf4 Bf6 15. Qc2 Ne5 16. Rad1 Nxf3 17. exf3 Rxe1 18. Rxe1 Qd7 19. Qb3 Qc6 20.
Rd1 Rd8 21. Be3 b6 22. Bd4 Bxd4 23. Rxd4 Qe6 24. c4 c6 25. Qe3 Qxe3 26. fxe3
Kf8 27. e4 Ke7 28. Kf2 dxc4 29. Rxd8 Kxd8 30. Ke3 Kd7 31. Kd4 b5 32. Kc5 a5
33. f4 b4 34. Kxc4 Kd6 35. e5+ Kd7 36. Kc5 f6 37. exf6 gxf6 38. f5 h5 39. h3
Kc7 40. g4 hxg4 41. hxg4 Kd7 42. Kb6 a4 43. Kc5 b3 44. a3 Kc7 45. Kb4 Kd6 {#r}
1-0

[Event "ID Scholastic Girls Ch"]
[Site "Boise, ID"]
[Date "2012.02.25"]
[Round "3.1"]
[White "Abernathy, Michaela"]
[Black "Patterson, Emily N"]
[Result "1-0"]
[WhiteElo "1094"]
[BlackElo "1416"]

1. d3 e5 2. Nf3 Nc6 3. g3 d5 4. Nbd2 Bg4 5. Bg2 f5 6. e4 d4 7. Nc4 Bxf3 8.
Qxf3 fxe4 9. Qxe4 Nf6 10. Qe2 Bd6 11. Bxc6+ bxc6 12. Nxe5 c5 13. Nc6+ Qe7 14.
Nxe7 Bxe7 15. O-O O-O 16. Qxe7 {#r} 1-0

[Event "ID Scholastic Girls Ch"]
[Site "Boise, ID"]
[Date "2012.02.25"]
[Round "5.1"]
[White "Pemsler, Carmen"]
[Black "Abernathy, Michaela"]
[Result "1-0"]
[WhiteElo "1367"]
[BlackElo "1094"]

1. c4 e5 2. Nc3 Nf6 3. Nf3 Bb4 4. Nxe5 Bxc3 5. bxc3 Qe7 6. Nf3 Nc6 7. g3 O-O
8. Bg2 d6 9. O-O Re8 10. Re1 Bg4 11. d3 Ne5 12. Bf4 Nxf3+ 13. exf3 Bxf3 14.
Bxf3 Qxe1+ 15. Qxe1 Rxe1+ 16. Rxe1 Rb8 17. Re7 b5 18. cxb5 Rxb5 19. Rxc7 g6
20. Bh6 Rb8 21. Rxa7 Ne8 22. Bd5 Rb5 23. Bxf7+ Kh8 24. Ra8 {#r} 1-0

[Event "ICA Players Mem-Open"]
[Site "Boise, ID"]
[Date "2012.05.19"]
[Round "1.5"]
[White "Abernathy, Caleb Patrick"]
[Black "Myers, Hugh S"]
[Result "1-0"]
[WhiteElo "1702"]
[BlackElo "1520"]

1. d4 f5 2. Nc3 Nf6 3. Bg5 e6 4. d5 Be7 5. dxe6 dxe6 6. Qxd8+ Bxd8 7. O-O-O
O-O 8. Nh3 a6 9. e4 Nc6 10. exf5 exf5 11. Bc4+ Kh8 12. Rhe1 h6 13. Nf4 Kh7 14.
Bxf6 Bxf6 15. Ne6 Bxe6 16. Bxe6 g6 17. Rd7+ Kh8 18. Rxc7 Rae8 19. Kd1 Nd4 20.
Bf7 Rd8 21. Kc1 Bg5+ 22. Kb1 Bd2 23. Ree7 Kg7 24. h4 Bxc3 25. bxc3 Nb5 26.
Bd5+ {#r} 1-0